|
|
|
|
| LEADER |
00000nam0a2200000 4500 |
| 001 |
212067 |
| 005 |
20231101225728.0 |
| 010 |
|
|
|a 5804402447
|
| 035 |
|
|
|a (RuTPU)RU\TPU\book\231693
|
| 090 |
|
|
|a 212067
|
| 100 |
|
|
|a 20120322d2002 k y0rusy50 ca
|
| 101 |
0 |
|
|a rus
|
| 102 |
|
|
|a RU
|
| 105 |
|
|
|a a z 001zy
|
| 200 |
1 |
|
|a Глубинные структуры Вознесенского флюоритоносного района
|f А. М. Петрищевский
|g Российская академия наук (РАН), Дальневосточное отделение (ДВО), Институт комплексного анализа региональных проблем (ИКАРП)
|
| 210 |
|
|
|a Владивосток
|c Дальнаука
|d 2002
|
| 215 |
|
|
|a 105 с.
|c ил.
|
| 320 |
|
|
|a Библиогр.: с. 101-104.
|
| 330 |
|
|
|a В результате оригинальных приемов интерпретации гравитационных аномалий расшифрованы и пространственно параметризованы глубинные структуры : земной коры, трех магчатических комплексов и рудных полей; обнаружены глубинные признаки позднепалеоэойского шарьяжа и определены перспективы поисков новых месторождений флюорита. Иллюстрирчются возможности частотной интерпретации [равитационных аномалий при изучении закрытых районов со сложным геологическим строением и многоэтапной эволюцией. Для специалистов широкого профиля : геологов, геофизиков, поисковиков и разработчиков флюоритовых месторождений.
|
| 606 |
1 |
|
|a Флюоритовые месторождения
|2 stltpush
|3 (RuTPU)RU\TPU\subj\64038
|9 80966
|
| 610 |
1 |
|
|a Вознесенский флюоритоносный район
|
| 610 |
1 |
|
|a глубинные структуры
|
| 610 |
1 |
|
|a геологическое строение
|
| 610 |
1 |
|
|a петрофизическая характеристика
|
| 610 |
1 |
|
|a моделирование
|
| 610 |
1 |
|
|a флюорит
|
| 610 |
1 |
|
|a новые месторождения
|
| 610 |
1 |
|
|a поиски
|
| 675 |
|
|
|a 553.634
|v 3
|
| 700 |
|
1 |
|a Петрищевский
|b А. М.
|c геолог, геофизик
|c профессор Томского политехнического университета, доктор геолого-минералогических наук
|f 1943-
|g Александр Митрофанович
|2 stltpush
|3 (RuTPU)RU\TPU\pers\34061
|
| 712 |
0 |
2 |
|a Российская академия наук (РАН)
|b Дальневосточное отделение (ДВО)
|b Институт комплексного анализа региональных проблем (ИКАРП)
|c (Биробиджан)
|2 stltpush
|3 (RuTPU)RU\TPU\col\16971
|
| 801 |
|
1 |
|a RU
|b 63413507
|c 20120322
|
| 801 |
|
2 |
|a RU
|b 63413507
|c 20151130
|g RCR
|
| 942 |
|
|
|c BK
|